| 000 | 00741nam a2200241 a 4500 | ||
|---|---|---|---|
| 001 | 1073 | ||
| 005 | 20140414131847.0 | ||
| 008 | 041018s19uu xx 00 eng d | ||
| 020 | _a0-8343-0019-2 | ||
| 050 |
_aM 372.41 _bF91 v. 11 |
||
| 100 | _aFrith, Michael | ||
| 245 |
_aThe Sesame street library, v. 11 / _cwritten by Michael Frith ; illustrated by Mel Crawford. |
||
| 260 |
_aNew York : _bFunk and Wagnalls, _c1978. |
||
| 300 | _a1 v. p. : ill. ; cm. | ||
| 440 | _aThe Sesame Street Library | ||
| 500 | _aContents: Featuring the letters U and V and the number 11 | ||
| 520 | _aWith Jim Henson's Muppets | ||
| 650 | _aAlphabet. | ||
| 650 | _aNumber Concept. | ||
| 650 | _aCounting. | ||
| 650 | _aReading. | ||
| 999 |
_c109989 _d109989 |
||